Wird geladen...

Study on the role of Co-operative marketing agencies in the marketing of coconut in Kerala /

Bibliographische Detailangaben
1. Verfasser: Ayoob, C P
Format: Ph.D Thesis
Sprache:English
Veröffentlicht: 2004.
Schlagworte:
LEADER 00730nam a2200169Ia 4500
008 151104b xxu||||| m||| 00| 0 eng d
082 |a 381.41461095483 
100 |a Ayoob, C P 
245 |a Study on the role of Co-operative marketing agencies in the marketing of coconut in Kerala /  |c by Ayoob, C P 
260 |c 2004. 
502 |a Thesis (Ph.D.)-- Department of Commerce and Management Studies, University of Calicut, 2004. 
504 |a Includes bibliographical references. 
653 |a Commerce 
796 |a Pavithran, K. B.  |b Thesis advisor.  |c Dr. 
942 |c TH 
999 |c 109574  |d 109574 
952 |0 0  |1 0  |4 0  |6 381_414610954830000_AYO_S  |7 0  |9 114054  |a UL  |b UL  |c REF  |d 2015-11-09  |l 0  |o 381.41461095483 AYO/S  |p NB4591  |r 2015-11-09  |w 2015-11-09  |y TH  |z 463